000 00680nam a2200253Ia 4500
003 OSt
005 20221007105933.0
006 a|||||r|||| 00| 0
007 ta
008 221006b |||||||| |||| 00| 0 eng d
024 _a19,939
037 _cTextual
040 _aLCO
_cLCO
_beng
041 _2eng
_aeng
082 _aZ2,181, L0
100 _aHoghton Charles De.
_9689218
245 0 _aCompany
_b Law, Structure and Reform in Eleven Countries
250 _a1st
260 _aLondon
_bGeorge Allen & Unwin Ltd. UK
_c1970
300 _a394
650 _aCOMPANY
942 _hZ2,181, L0
_cTEXL
999 _c1189502
_d1189502